| 000 | 00581 a2200217 4500 | ||
|---|---|---|---|
| 005 | 20251230151508.0 | ||
| 008 | 251230b |||||||| |||| 00| 0 eng d | ||
| 020 |
_a9789348491183 _cRs. 450.00 |
||
| 040 | _aMAIN | ||
| 082 |
_a371.912 _bS23D |
||
| 100 | _aSharma, Sandeep | ||
| 245 | _aDeaf, deafness and communication options | ||
| 260 |
_bKanishka Publishers, Distributors _c2025 _aNew Delhi |
||
| 300 | _a100 | ||
| 650 | _aEducation | ||
| 650 | _aSpecial Education | ||
| 650 | _aDeafness | ||
| 700 | _aJat, Kamlesh | ||
| 700 | _aJat, Parveen Kumar, ed. | ||
| 942 | _cBK | ||
| 999 |
_c393821 _d393821 |
||